Training Instruments in HRD and OD (Record no. 90957)
[ view plain ]
| 000 -LEADER | |
|---|---|
| fixed length control field | 00500nam a2200193Ia 4500 |
| 008 - FIXED-LENGTH DATA ELEMENTS--GENERAL INFORMATION | |
| fixed length control field | 230125s9999 xx 000 0 und d |
| 020 ## - INTERNATIONAL STANDARD BOOK NUMBER | |
| International Standard Book Number | 0-07-048324-8 |
| 041 ## - LANGUAGE CODE | |
| Language code of text/sound track or separate title | eng |
| 082 ## - DEWEY DECIMAL CLASSIFICATION NUMBER | |
| Classification number | 658.3124 |
| Item number | PAR |
| 100 ## - MAIN ENTRY--PERSONAL NAME | |
| Personal name | Pareek U |
| 9 (RLIN) | 108953 |
| 245 ## - TITLE STATEMENT | |
| Title | Training Instruments in HRD and OD |
| 250 ## - EDITION STATEMENT | |
| Edition statement | 3rd ed |
| 260 ## - PUBLICATION, DISTRIBUTION, ETC. (IMPRINT) | |
| Date of publication, distribution, etc. | 2010 |
| Name of publisher, distributor, etc. | Tata McGraw Hill |
| Place of publication, distribution, etc. | New Delhi |
| 300 ## - PHYSICAL DESCRIPTION | |
| Extent | 843p |
| 500 ## - GENERAL NOTE | |
| Keywords | Training |
| 650 ## - SUBJECT ADDED ENTRY--TOPICAL TERM | |
| Topical term or geographic name as entry element | Human Resource Development |
| 700 ## - ADDED ENTRY--PERSONAL NAME | |
| Personal name | Pareek U |
| 9 (RLIN) | 108953 |
| Withdrawn status | Lost status | Damaged status | Not for loan | Home library | Current library | Date acquired | Vendor | Cost, normal purchase price | Bill number | Total Checkouts | Full call number | Barcode | Date last seen | Cost, replacement price | Bill Date | Koha item type | Original Barcode | Total Renewals | Date last checked out |
|---|---|---|---|---|---|---|---|---|---|---|---|---|---|---|---|---|---|---|---|
| Smt. Hiraben Nanavati Institute of Management & Research for Women | Smt. Hiraben Nanavati Institute of Management & Research for Women | 30/03/2013 | Landmark | 1200.00 | 2954 | 658.3124 PAR B11981 | HIMR-BK-11981 | 25/01/2023 | 1200.00 | 08/09/2012 | Books | B11981 | |||||||
| Smt. Hiraben Nanavati Institute of Management & Research for Women | Smt. Hiraben Nanavati Institute of Management & Research for Women | 17/02/2010 | Forward Books | 1200.00 | 3615 | 4 | 658.3124 PAR B08401 | HIMR-BK-8401 | 01/04/2026 | 960.00 | 15/02/2010 | Books | B08401 | 2 | 20/03/2026 | ||||
| Smt. Hiraben Nanavati Institute of Management & Research for Women | Smt. Hiraben Nanavati Institute of Management & Research for Women | 18/10/2006 | M-Book Services | 750.00 | 1343 | 1 | 658.3124 PAR B05590 | HIMR-BK-5590 | 30/09/2024 | 638.00 | 18/10/2006 | Books | B05590 | 27/09/2024 | |||||
| Smt. Hiraben Nanavati Institute of Management & Research for Women | Smt. Hiraben Nanavati Institute of Management & Research for Women | 07/07/2003 | The write choice | 750.00 | 67 | 658.3124 PAR B03492 | HIMR-BK-3492 | 25/01/2023 | 638.00 | 16/06/2003 | Books | B03492 |